[Event "Chigorin Mem Open"]
[Site "St Petersburg RUS"]
[Date "2009.10.22"]
[Round "7"]
[White "Melnikov,D"]
[Black "Manukyan,S"]
[Result "1-0"]
[WhiteElo "2327"]
[BlackElo "2199"]

1.e4 e6 2.d4 d5 3.Nc3 Bb4 4.e5 Ne7 5.Bd2 b6 6.Bb5+ c6 7.Ba4 a5 8.a3 Bxc3
9.Bxc3 O-O 10.Ne2 Ba6 11.O-O Nd7 12.Bd2 b5 13.Bb3 c5 14.c3 b4 15.axb4 axb4
16.Re1 Bxe2 17.Qxe2 c4 18.Bc2 Qb6 19.Bg5 Ng6 20.h4 bxc3 21.bxc3 Qb2 22.Rxa8 Rxa8
23.Bxg6 Qxe2 24.Bxf7+ Kxf7 25.Rxe2 h6 26.Be3 Ra3 27.Rc2 Nb6 28.g4 Na4 29.Bd2 Nb6
30.Kg2 Nc8 31.h5 Na7 32.f4 Nb5 33.f5 Rb3 34.Be1 Ra3 35.Kf2 Rb3 36.Ke2 Ra3
37.Kd1 Ra1+ 38.Kd2 Rb1 39.Ra2 exf5 40.gxf5 Nxc3 41.Ra7+ Kg8 42.Ra8+ Kh7 43.Kxc3 Rxe1
44.e6 Re3+ 45.Kb4 Re4 46.Kc5 c3 47.Kxd5 c2 48.Rc8 Re2 49.Kd6 Rd2 50.d5  1-0

[Event "8th TCh-Eur w"]
[Site "Novi Sad SRB"]
[Date "2009.10.23"]
[Round "2"]
[White "Nemcova,Kat"]
[Black "Medic,Mir"]
[Result "1/2-1/2"]
[WhiteElo "2258"]
[BlackElo "2322"]

1.e4 e6 2.d4 d5 3.Nc3 Bb4 4.e5 Ne7 5.a3 Bxc3+ 6.bxc3 b6 7.h4 Ba6 8.Bxa6 Nxa6
9.h5 h6 10.Qg4 Rg8 11.Qe2 Nb8 12.Nf3 Nbc6 13.a4 Qd7 14.Ba3 Na5 15.Bb4 Nc4
16.Nd2 Nxd2 17.Kxd2 Nc6 18.a5 Nxb4 19.cxb4 Ke7 20.Rh3 Rgc8 21.Raa3 Kf8 22.Qa6 Qd8
23.f4 Kg8 24.g3  1/2-1/2

[Event "Chigorin Mem Open"]
[Site "St Petersburg RUS"]
[Date "2009.10.24"]
[Round "9"]
[White "Kokarev,Dm"]
[Black "Yankovsky,R"]
[Result "1-0"]
[WhiteElo "2630"]
[BlackElo "2314"]

1.e4 e6 2.d4 d5 3.Nc3 Bb4 4.e5 Ne7 5.a3 Bxc3+ 6.bxc3 b6 7.Qg4 Ng6 8.h4 h5
9.Qd1 Ba6 10.Bxa6 Nxa6 11.Bg5 Qd7 12.Ne2 Nf8 13.Nf4 g6 14.Qd3 Qa4 15.Bf6 Rg8
16.O-O c5 17.Rfd1 cxd4 18.cxd4 Rc8 19.c3 Qc4 20.Qg3 Kd7 21.Nxh5 Qxc3 22.Qf4 gxh5
23.Bg5 f5 24.exf6 Ng6 25.Qh2 Nh8 26.Qe5 Qc2 27.Re1 Rce8 28.Rac1 Qg6 29.Qe2 Nc7
30.g3 Qf5 31.Qd1 b5 32.Re5 Qg6 33.Qb3 Rc8 34.Qb4 Nf7 35.Qe7+  1-0

[Event "Open"]
[Site "Liberec CZE"]
[Date "2009.10.27"]
[Round "4"]
[White "Goluch,P"]
[Black "Natsidis,C"]
[Result "1-0"]
[WhiteElo "2149"]
[BlackElo "2313"]

1.e4 e6 2.d4 d5 3.Nc3 Bb4 4.e5 Ne7 5.a3 Bxc3+ 6.bxc3 c5 7.Qg4 O-O 8.Bd3 cxd4
9.Nf3 Qc7 10.O-O Qxc3 11.Bd2 Qc7 12.Bb4 h6 13.Bd6 Qd8 14.Nxd4 a6 15.Rab1 Re8
16.f4 Nbc6 17.Nxc6 Nxc6 18.Rf3 f5 19.exf6 Qxf6 20.Qh5 Rd8 21.Be5 Qf7 22.Qh4 Bd7
23.Bxg7 Kxg7 24.Rg3+  1-0

[Event "17th TCh-Eur"]
[Site "Novi Sad SRB"]
[Date "2009.10.27"]
[Round "6"]
[White "Saric,Iv"]
[Black "Jenni,F"]
[Result "0-1"]
[WhiteElo "2573"]
[BlackElo "2500"]

1.e4 e6 2.d4 d5 3.Nc3 Bb4 4.e5 Qd7 5.Qg4 f5 6.Qh5+ Qf7 7.Qf3 b6 8.a3 Bxc3+
9.bxc3 Ba6 10.Bxa6 Nxa6 11.c4 c6 12.Nh3 Ne7 13.cxd5 cxd5 14.Ng5 Qg8 15.Qb3 Nc7
16.Qa4+ Kd8 17.Qb4 Nc8 18.a4 h6 19.Nf3 Qe8 20.O-O Ne7 21.Bd2 Qd7 22.a5 Nc6
23.Qb2 b5 24.a6 Ke8 25.Ne1 Rb8 26.Nd3 Rb6 27.Nc5 Qe7 28.Rfe1 Kf7 29.Re3 b4
30.Rb3 Rhb8 31.Be3 Nb5 32.Nd3 Nc7 33.Nc5 g5 34.f3 Nb5 35.Nd3 Nc7 36.Nc5 h5
37.Qc1 f4 38.Bf2 h4 39.Qd2 Nb5 40.Qd3 Kg7 41.Kf1 Nc3 42.Na4 Nxa4 43.Rxa4 Qe8
44.Ra1 Ne7 45.Ra5 Rc6 46.Qd2 Qc8 47.Rb2 Rxa6 48.Rc5 Ra1+ 49.Be1 Qa6+ 50.Qe2 Rxe1+
51.Kxe1 Qa1+ 52.Qd1 Qxb2 53.Rc7 Kf8 54.Kf2 Rc8  0-1

[Event "24th GP Open A"]
[Site "Le Touquet FRA"]
[Date "2009.10.28"]
[Round "6"]
[White "Sharma,Di"]
[Black "Jeanne,M"]
[Result "1-0"]
[WhiteElo "2335"]
[BlackElo "2150"]

1.e4 e6 2.d4 d5 3.Nc3 Bb4 4.e5 Qd7 5.a3 Bxc3+ 6.bxc3 b6 7.h4 Ba6 8.Ne2 Nc6
9.h5 f6 10.exf6 Nxf6 11.h6 g6 12.Nf4 Bxf1 13.Kxf1 O-O-O 14.a4 Na5 15.Nd3 Nc4
16.Bg5 Rdf8 17.Bxf6 Rxf6 18.Qe2 a5 19.g3 Rhf8 20.Kg2 Qc6 21.f4 Kb7 22.Rhe1 Nd6
23.Ne5 Qxc3 24.Rad1 Ne4 25.Rd3 Qb4 26.Nd7 Qxa4 27.Nxf8 Rxf8 28.Rc1 Qc4 29.Qg4 Rf6
30.Qe2 a4 31.Ra1 g5 32.Re3 Qxe2+ 33.Rxe2 gxf4 34.gxf4 Rg6+ 35.Kh3 b5 36.c4 c6
37.cxb5 cxb5 38.Rb2 Ka6 39.Rc1 Rxh6+ 40.Kg4 Rg6+ 41.Kh5 Rg7 42.Rc8 Ra7 43.Rb8 Nd6
44.Kg5 Ka5 45.Kf6 Ra6 46.Rb1 a3 47.Kxe6 a2 48.Ra1 Nc4+ 49.Kd7 Kb4 50.f5 Ra7+
51.Ke6 Nd2 52.f6 Ne4 53.Ke5 Nc3 54.Rg8 Ka3 55.Rg2 Ra8 56.f7 Rf8 57.Rf1 b4
58.Rg8 Rxf7 59.Rxf7 a1=Q 60.Ra7+ Na4 61.Rxa4+ Kxa4 62.Ra8+ Kb3 63.Rxa1  1-0

[Event "17th TCh-Eur"]
[Site "Novi Sad SRB"]
[Date "2009.10.28"]
[Round "7"]
[White "Sulskis,S"]
[Black "Dizdarevic,E"]
[Result "0-1"]
[WhiteElo "2568"]
[BlackElo "2483"]

1.e4 e6 2.d4 d5 3.Nc3 Bb4 4.e5 Ne7 5.a3 Bxc3+ 6.bxc3 c5 7.h4 Qc7 8.h5 h6
9.Rh3 b6 10.Nf3 Ba6 11.Bxa6 Nxa6 12.Nh4 Rc8 13.Rg3 Nb8 14.Rxg7 cxd4 15.Qxd4 Nbc6
16.Qf4 Qxe5+ 17.Qxe5 Nxe5 18.f4 Nd7 19.f5 exf5 20.Rg3 Rc4 21.Nf3 Re4+ 22.Kf1 Nf6
23.Rh3 f4 24.a4 Nf5 25.a5 b5 26.Nd4 Nxd4 27.cxd4 Kd7 28.a6 Rc8 29.c3 Rc4
30.Rb1 Kc6 31.Bd2 Ra4 32.g3 Ra2 33.Bxf4 Ng4 34.Kg1 Ree2 35.Bb8 Kb6 36.Rf1 Rg2+
37.Kh1 Rgf2 38.Kg1 Rxf1+ 39.Kxf1 Kxa6 40.Bf4 Kb7 41.Kg1 Rc2  0-1

[Event "17th TCh-Eur"]
[Site "Novi Sad SRB"]
[Date "2009.10.30"]
[Round "9"]
[White "Cheparinov,I"]
[Black "Dizdarevic,E"]
[Result "1/2-1/2"]
[WhiteElo "2667"]
[BlackElo "2483"]

1.e4 e6 2.d4 d5 3.Nc3 Bb4 4.e5 Ne7 5.a3 Bxc3+ 6.bxc3 c5 7.Qg4 Kf8 8.Bd2 Qc7
9.Bd3 b6 10.Nh3 Ba6 11.Nf4 Bxd3 12.cxd3 Nbc6 13.O-O Rc8 14.Rac1 h6 15.Kh1 Na5
16.Be3 c4 17.Nh5 g6 18.Nf6 cxd3 19.Qf4 Ng8 20.Qf3 Nc4 21.Rcd1  1/2-1/2

[Event "WJun"]
[Site "Puerto Madryn ARG"]
[Date "2009.10.31"]
[Round "10"]
[White "Li Chao2"]
[Black "Grigoryan,Av"]
[Result "0-1"]
[WhiteElo "2617"]
[BlackElo "2515"]

1.e4 e6 2.d4 d5 3.Nc3 Bb4 4.e5 Ne7 5.a3 Bxc3+ 6.bxc3 c5 7.Qg4 O-O 8.Bd3 Nbc6
9.Qh5 Ng6 10.Nf3 Qc7 11.Be3 c4 12.Bxg6 fxg6 13.Qg4 Qf7 14.Ng5 Qe8 15.h4 b5
16.Qe2 Bd7 17.g4 Qe7 18.f4 Be8 19.Kd2 a5 20.Qg2 h6 21.Nf3 Rb8 22.h5 gxh5
23.f5 exf5 24.gxf5 Rxf5 25.Nh4 Rf7 26.Ng6 Qe6 27.Rxh5 Kh7 28.Rg1 Rf2+ 29.Qxf2 Bxg6
30.Rh2 Ne7 31.Rhg2 b4 32.Bg5 bxc3+ 33.Kxc3 Qb6 34.Bc1 Qb1 35.Rxg6 Nxg6 36.e6 Qa1+
37.Kd2 Rf8 38.Qe3 Rf4 39.e7 Qxd4+ 40.Qxd4 Rxd4+ 41.Kc3 Re4 42.e8=Q Rxe8 43.Kd4 Re2
44.Kxd5 Rxc2 45.Kc5 Ne5 46.Be3 g5 47.Kb5 c3  0-1

[Event "IV Open"]
[Site "Bogota COL"]
[Date "2009.11.01"]
[Round "7"]
[White "Narvaez,F"]
[Black "Cuartas,C"]
[Result "1-0"]
[WhiteElo "2137"]
[BlackElo "2281"]

1.e4 e6 2.d4 d5 3.Nc3 Bb4 4.e5 Qd7 5.a3 Bxc3+ 6.bxc3 b6 7.Bd3 Ba6 8.Nh3 Bxd3
9.Qxd3 Ne7 10.O-O c5 11.a4 Nbc6 12.Ba3 cxd4 13.cxd4 Na5 14.Nf4 Nc4 15.Nh5 Nxa3
16.Rxa3 O-O 17.Qd2 Ng6 18.Rh3 f6 19.exf6 gxf6 20.Re1 Rf7 21.Rf3 Raf8 22.a5 bxa5
23.Qxa5 e5 24.Qa6 Qe7 25.Qc6 Kh8 26.g3 Qc7 27.Qxc7 Rxc7 28.dxe5 fxe5 29.Rxf8+ Nxf8
30.Rxe5 Rxc2 31.Rxd5 Rc8 32.f4 Ra8 33.Ra5 Nd7 34.f5 a6 35.g4 Nb6 36.Nf4  1-0

[Event "13th OIBM"]
[Site "Bad Wiessee GER"]
[Date "2009.11.02"]
[Round "4"]
[White "Friedel,J"]
[Black "Bigalke,T"]
[Result "1/2-1/2"]
[WhiteElo "2555"]
[BlackElo "2163"]

1.e4 e6 2.d4 d5 3.Nc3 Bb4 4.e5 Ne7 5.a3 Bxc3+ 6.bxc3 c5 7.Nf3 Nbc6 8.a4 Qa5
9.Bd2 c4 10.g3 Bd7 11.Bh3 Ng6 12.O-O O-O-O 13.Ng5 Rdf8 14.f4 h6 15.Nf3 Nge7
16.Qc1 f5 17.exf6 Rxf6 18.Qa3 Nf5 19.Rae1 Qc7 20.Ne5 Re8 21.Re2 h5 22.Rfe1 Kb8
23.Nf3 Ka8 24.Ng5 Nd8 25.a5 a6 26.Bc1 g6 27.Bg2 Ng7 28.Nf3 Nf5 29.Ne5 Rh8
30.Bh3 Bc8 31.Qb4 Nc6 32.Qb6 Rh7 33.Nf3 Nxa5 34.Qxc7 Rxc7 35.Ng5 Rc6 36.Ba3 b5
37.Nh7 Rf7 38.Nf8 Rf6 39.Nh7 Rf7 40.Nf8 Rf6 41.Bxf5 gxf5 42.Be7 Rf7 43.Bb4 Rf6
44.Nxe6 Rfxe6 45.Bxa5 Re4 46.Kg2 Kb7  1/2-1/2

[Event "TCh-SLO East 1st League"]
[Site "Sentjur SLO"]
[Date "2009.11.06"]
[Round "6"]
[White "Zelcic,R"]
[Black "Kovacevic,Bl"]
[Result "1-0"]
[WhiteElo "2550"]
[BlackElo "2425"]

1.e4 e6 2.d4 d5 3.Nc3 Bb4 4.e5 Ne7 5.Bd3 b6 6.Qg4 Kf8 7.Nh3 Ba6 8.Bxa6 Nxa6
9.O-O Nf5 10.Nd1 h5 11.Qe2 Nb8 12.c3 Be7 13.Nf4 g6 14.Ne3 Nh6 15.c4 c6 16.Bd2 Kg7
17.Rac1 dxc4 18.Rxc4 b5 19.Rc2 a5 20.Rfc1 Ra7 21.h3 Rd7 22.d5 exd5 23.Rxc6 Nxc6
24.Rxc6 d4 25.Nf1 b4 26.Qa6 Nf5 27.Rxg6+ Kf8 28.Qd3 Nh4 29.Rg3 Qb6 30.e6 Rd6
31.exf7 Kxf7 32.Qc4+ Ke8 33.Rg7 Rf8 34.Nd5 Rxd5 35.Qxd5 Qf6 36.Rxe7+ Qxe7
37.Bg5 Nf3+ 38.gxf3 Qd7 39.Qe4+ Kf7 40.Qh7+ Ke8 41.Qg6+ Rf7 42.Ng3  1-0

[Event "World Youth U18"]
[Site "Antalya TUR"]
[Date "2009.11.16"]
[Round "5"]
[White "Baron,Ta"]
[Black "Martinovic,Sa"]
[Result "0-1"]
[WhiteElo "2404"]
[BlackElo "2483"]

1.e4 e6 2.d4 d5 3.Nc3 Bb4 4.e5 Ne7 5.a3 Bxc3+ 6.bxc3 c5 7.Qg4 Qc7 8.Qxg7 Rg8
9.Qxh7 cxd4 10.Ne2 Nbc6 11.f4 Bd7 12.Qd3 dxc3 13.Nxc3 a6 14.Ne2 Nf5 15.h3 O-O-O
16.g4 Nh4 17.Be3 Na5 18.Nd4 Nc4 19.g5 f6 20.exf6 e5 21.fxe5 Qxe5 22.Kf2 Rxg5
23.Bxg5 Qxg5 24.Rd1 Rf8 25.Nf3 Nxf3  0-1

[Event "Open"]
[Site "Pilsen CZE"]
[Date "2009.12.08"]
[Round "4"]
[White "Strzelczyk,A"]
[Black "Turner,R"]
[Result "0-1"]
[WhiteElo "1826"]
[BlackElo "2079"]

1.e4 e6 2.d4 d5 3.Nc3 Bb4 4.e5 Ne7 5.a3 Bxc3+ 6.bxc3 c5 7.Qg4 O-O 8.Bd3 Qa5
9.Bd2 Ng6 10.Nf3 Nc6 11.h4 f5 12.Qg3 Qa4 13.h5 Nge7 14.Bg5 c4 15.Bf6 Rf7
16.Ng5 gxf6 17.exf6 Rxf6 18.Nxe6+ Kf7 19.Ng5+ Ke8 20.Be2 f4 21.Qf3 Qxc2 22.O-O Qf5
23.Nh3 Be6 24.Rab1 b6 25.Rb5 Qe4 26.Qxe4 dxe4 27.Rd1 f3 28.Bf1 Bxh3 29.gxh3 Na5
30.Re5 Rf4 31.Kh2 Kd7 32.Kg3 Raf8  0-1

[Event "Open"]
[Site "Pilsen CZE"]
[Date "2009.12.08"]
[Round "5"]
[White "Mikulas,D"]
[Black "Nguyen,P"]
[Result "1/2-1/2"]
[WhiteElo "2210"]
[BlackElo "2353"]

1.e4 e6 2.d4 d5 3.Nc3 Bb4 4.e5 Ne7 5.a3 Bxc3+ 6.bxc3 c5 7.Nf3 Nbc6 8.Bd3 Qa5
9.Qd2 Bd7 10.a4 f6 11.exf6 gxf6 12.Ba3 c4 13.Be2 O-O-O 14.O-O h5 15.Rfe1 Qc7
16.Bf1 h4 17.a5 Kb8 18.Bc5 Bc8 19.Qc1 e5 20.dxe5 fxe5 21.Qa3 Nf5 22.Reb1 Rdg8
23.Bb6 Qe7 24.Bc5 Qc7 25.Bb6 Qe7  1/2-1/2

[Event "Tch-SLO League"]
[Site "Rogaska Slatina SLO"]
[Date "2009.12.13"]
[Round "4"]
[White "Predojevic,B"]
[Black "Dizdar,G"]
[Result "1/2-1/2"]
[WhiteElo "2652"]
[BlackElo "2558"]

1.e4 e6 2.d4 d5 3.Nc3 Bb4 4.e5 Ne7 5.a3 Bxc3+ 6.bxc3 c5 7.h4 Qc7 8.Bd2 b6
9.h5 h6 10.Qg4 Kf8 11.Rh3 Ba6 12.Rf3 Qd7 13.Ne2 Kg8 14.Qf4 Qe8 15.g4 Nd7
16.Bh3 Nc6 17.Rg3 f6 18.exf6 Nxf6 19.Re3 Na5 20.Qg3 Ne4 21.Rxe4 dxe4 22.Nf4 e5
23.dxe5 Qxe5 24.Ng6 Qxg3 25.fxg3 Re8 26.Bf4 e3 27.Bg2 Nc4 28.Bf3 e2 29.a4 Ne3
30.Rc1 Nd1 31.Be5 Ne3 32.Bf4 Nd1 33.Be5 Ne3 34.Bf4 Nd1  1/2-1/2

[Event "16th Open A"]
[Site "Zadar CRO"]
[Date "2009.12.13"]
[Round "1"]
[White "Zelcic,R"]
[Black "Mazi,L"]
[Result "1-0"]
[WhiteElo "2545"]
[BlackElo "2352"]

1.e4 e6 2.d4 d5 3.Nc3 Bb4 4.e5 b6 5.Qg4 Bf8 6.Nh3 Qd7 7.Nf4 g6 8.Be3 Ba6
9.Bxa6 Nxa6 10.O-O Nb4 11.Rac1 Nh6 12.Qf3 Nf5 13.a3 Nc6 14.Nce2 h5 15.c4 Nce7
16.cxd5 exd5 17.Ng3 Ng7 18.h4 O-O-O 19.Rc3 Qg4 20.Rfc1 Rd7 21.Qe2 Qxe2 22.Ngxe2 Kb7
23.g3 Rg8 24.Kg2 Nef5 25.Nxd5 Rxd5 26.Rxc7+ Ka6 27.Rxf7 Ne6 28.Rf6 Nd8 29.Rc7 Bg7
30.Nc3 Bxf6 31.Nxd5 Bh8 32.Nf4 Kb5 33.Rxa7 Nc6 34.Rd7 Nce7 35.Rc7 Rd8 36.Kf3 Ka4
37.Ke4 Kb3 38.d5 Re8 39.d6 Nd5 40.Kxd5  1-0

[Event "16th Open B"]
[Site "Zadar CRO"]
[Date "2009.12.13"]
[Round "1"]
[White "Sevo,I"]
[Black "Kozina,Z"]
[Result "1-0"]
[WhiteElo "2235"]
[BlackElo "1983"]

1.e4 e6 2.d4 d5 3.Nc3 Bb4 4.e5 Ne7 5.a3 Ba5 6.b4 Bb6 7.Nf3 Bd7 8.h4 a5 9.b5 a4
10.Rb1 c5 11.dxc5 Bxc5 12.Bd3 Qc7 13.O-O Ng6 14.Qe2 Be7 15.Nd1 Nxh4 16.Nxh4 Bxh4
17.Qg4 Be7 18.Qxg7 Rf8 19.Bxh7 Qc4 20.Ne3 Qh4 21.Ng4 Ra5 22.Bh6 Bxb5 23.Nf6+ Kd8
24.Bg5 Qd4 25.Nxd5 Nd7 26.Bxe7+ Kc8 27.Rfd1  1-0

[Event "16th Open A"]
[Site "Zadar CRO"]
[Date "2009.12.14"]
[Round "2"]
[White "Saric,Iv"]
[Black "Martinovic,Sa"]
[Result "1-0"]
[WhiteElo "2575"]
[BlackElo "2483"]

1.e4 e6 2.d4 d5 3.Nc3 Bb4 4.e5 b6 5.h4 Qd7 6.h5 h6 7.Rh3 Ba6 8.Bxa6 Nxa6
9.Qe2 Nb8 10.a3 Bf8 11.f4 c5 12.Nf3 Nc6 13.Be3 cxd4 14.Nxd4 Nxd4 15.Bxd4 Bc5
16.Bxc5 bxc5 17.Nb5 Ne7 18.Nd6+ Kf8 19.Rb3 Qa4 20.O-O-O Nc8 21.f5 Nxd6 22.exd6 Qf4+
23.Kb1 Qxd6 24.fxe6 Qxe6 25.Re3 Qc6 26.Qf3 Rd8 27.c4 Rg8 28.Rxd5 Rxd5 29.cxd5 Qd6
30.Re6 Qd7 31.Qf4 f6 32.Qf5 Qa4 33.d6 Qd4 34.Re8+  1-0

[Event "16th Open A"]
[Site "Zadar CRO"]
[Date "2009.12.16"]
[Round "6"]
[White "Brkic,A"]
[Black "Drasko,M"]
[Result "1/2-1/2"]
[WhiteElo "2560"]
[BlackElo "2527"]

1.e4 e6 2.d4 d5 3.Nc3 Bb4 4.e5 Ne7 5.a3 Bxc3+ 6.bxc3 c5 7.Qg4 O-O 8.Bd3 f5
9.exf6 Rxf6 10.Bg5 Rf7 11.Qh5 g6 12.Qd1 Nbc6 13.Nf3 Qf8 14.O-O c4 15.Be2 h6
16.Bc1 Kh7 17.a4 Bd7 18.Ba3 Qb8 19.Qd2 Qc7 20.Bc1 Rh8 21.h3 g5 22.h4 g4 23.Ne5 Nxe5
24.dxe5 h5  1/2-1/2

[Event "Tata Steel TCh-Asia"]
[Site "Kolkata IND"]
[Date "2009.12.24"]
[Round "3"]
[White "Tan Weiliang"]
[Black "Toufighi,H"]
[Result "0-1"]
[WhiteElo "2168"]
[BlackElo "2454"]

1.e4 e6 2.d4 d5 3.Nc3 Bb4 4.e5 Ne7 5.a3 Bxc3+ 6.bxc3 b6 7.Qg4 Ng6 8.h4 h5
9.Qg3 Ba6 10.Bxa6 Nxa6 11.Qd3 Nb8 12.Bg5 Qc8 13.c4 Qa6 14.cxd5 Qxd3 15.cxd3 exd5
16.Ne2 Nc6 17.O-O Nge7 18.Rac1 Kd7 19.Rc3 Rac8 20.Rfc1 Rhf8 21.Nf4 f6 22.exf6 gxf6
23.Bh6 Rf7 24.Nxd5 Nxd5 25.Rxc6 Rg8 26.g3 Re7 27.Kf1 Rg4 28.R6c4 Re6 29.a4 c6
30.Bd2 a6 31.Bc3 f5 32.Re1 Rxe1+ 33.Bxe1 b5 34.axb5 cxb5 35.f3 Rxh4 36.gxh4 bxc4
37.dxc4 Ne3+ 38.Ke2 Nxc4 39.Kd3 Nb6 40.Bd2 Kc6 41.Kc3 Kb5 42.d5 Nc4 43.d6 Nxd6
44.Kd4 Kc6 45.Bb4 Nf7 46.Bc3 Kd6 47.Ke3 Kd5 48.Kf4 Ke6 49.Ba5 Kf6 50.Bc7 Nh6
51.Bd8+ Kg6 52.Ba5 Nf7 53.Bc3 Nd8 54.Ke5 a5 55.Kd5 a4 56.Bb2 Nf7 57.Kc4 f4
58.Kb4 Kf5 59.Kxa4 Ne5 60.Kb3 Nxf3 61.Kc2 Kg4 62.Kd3 Kxh4 63.Ke2 Kg3 64.Bf6 h4
65.Kf1 h3  0-1

[Event "Christamas Open Masters"]
[Site "Zurich SUI"]
[Date "2009.12.29"]
[Round "5"]
[White "Karrer,D"]
[Black "Kaufmann,W"]
[Result "0-1"]
[WhiteElo "2155"]
[BlackElo "2270"]

1.e4 e6 2.d4 d5 3.Nc3 Bb4 4.e5 Ne7 5.a3 Bxc3+ 6.bxc3 c5 7.Qg4 O-O 8.Bd3 f5
9.exf6 Rxf6 10.Bg5 Rf7 11.Qh5 g6 12.Qd1 Nbc6 13.Nf3 Qa5 14.Qd2 Nf5 15.Bxf5 Rxf5
16.O-O Bd7 17.Qd3 Raf8 18.Rfe1 b6 19.Bh4 Qa4 20.Bg3 cxd4 21.cxd4 Rxf3 22.gxf3 Nxd4
23.Reb1 Nxf3+ 24.Kg2 Qc6 25.a4 d4 26.Kf1 e5 27.Rb4 e4 28.Qb5 Bh3+  0-1

[Event "22nd Open"]
[Site "Staufer GER"]
[Date "2010.01.02"]
[Round "2"]
[White "Brendel,B"]
[Black "Kniest,O"]
[Result "0-1"]
[WhiteElo "2029"]
[BlackElo "2322"]

1.e4 e6 2.d4 d5 3.Nc3 Bb4 4.e5 Ne7 5.a3 Bxc3+ 6.bxc3 c5 7.h4 Qa5 8.Bd2 Qa4
9.Rb1 c4 10.h5 h6 11.Ne2 Nbc6 12.g4 b6 13.Bg2 Bd7 14.Qc1 O-O-O 15.Rh3 Rdg8
16.Rg3 Be8 17.Qb2 Rf8 18.Bh3 Bd7 19.Rf3 f6 20.exf6 gxf6 21.Qc1 Ng8 22.Nf4 Re8
23.Kd1 Rh7 24.Re3 Nd8 25.g5 hxg5 26.Nxd5 Rxh5 27.Nxb6+ axb6 28.Rxb6 Qa7 29.Qb2 Qc7
30.d5 g4 31.d6 Qa7 32.Bg2 Rc5 33.Qb4 Rc6 34.Bxc6 Bxc6 35.Qc5 Kd7 36.Bc1 e5
37.f4 Re6 38.fxe5 fxe5 39.Ke1 Nf6 40.Rxe5 Rxe5+ 41.Qxe5 Qxb6 42.Qxf6 Qg1+
43.Kd2 Qh2+ 44.Ke3 Qg1+ 45.Kd2 Qg2+ 46.Ke1 Qe4+ 47.Kd2 Qd5+ 48.Ke1 Qe6+  0-1

[Event "ch-NZL"]
[Site "Auckland NZL"]
[Date "2010.01.04"]
[Round "3"]
[White "Fuatai,F"]
[Black "Nijman,B"]
[Result "1-0"]
[WhiteElo "2022"]
[BlackElo "2165"]

1.e4 e6 2.d4 d5 3.Nc3 Bb4 4.e5 Ne7 5.Nf3 b6 6.Ng5 h6 7.Qh5 g6 8.Qh3 Kf8 9.a3 Bxc3+
10.bxc3 Kg7 11.Nf3 Ba6 12.g4 Bxf1 13.Qxf1 Qc8 14.h4 Qa6 15.Qg2 Qa4 16.Kd1 Nd7
17.h5 c5 18.g5 hxg5 19.h6+ Kf8 20.Nxg5 Rc8 21.Rh4 Rc6 22.Rf4 Nf5 23.Rxf5 gxf5
24.Nxe6+ Ke7 25.Ng7 Qc4 26.Nxf5+ Kd8 27.Bd2 Rg6 28.Qh2 Qf1+ 29.Be1 Qg1 30.Qxg1 Rxg1
31.Ke2 Rh1 32.a4 a6 33.Rb1 c4 34.f3 R8xh6 35.Nxh6 Rxh6 36.Bg3 b5 37.axb5 Rb6
38.Ra1 axb5 39.Ra8+ Ke7 40.Bh4+ Ke6 41.Re8+ Kf5 42.Re7 Nb8 43.Rxf7+ Kg6 44.Rf8 b4
45.cxb4 Rxb4 46.e6 Nc6 47.e7 Nxe7 48.Bxe7 Rb6 49.Bc5  1-0

[Event "Meister Open"]
[Site "Basel SUI"]
[Date "2010.01.05"]
[Round "7"]
[White "Seidler,Lukas"]
[Black "Curien,N"]
[Result "1/2-1/2"]
[WhiteElo "2049"]
[BlackElo "2240"]

1.e4 e6 2.d4 d5 3.Nc3 Bb4 4.e5 b6 5.Bd2 Qd7 6.h4 h5 7.Be2 Nc6 8.a3 Bf8 9.Nf3 Nge7
10.Bg5 Bb7 11.Qd2 Na5 12.Qf4 Ng6 13.Qg3 a6 14.Bd3 Ne7 15.O-O g6 16.Nd2 Nc4
17.Nxc4 dxc4 18.Bxc4 Nf5 19.Qh2 Qxd4 20.Ba2 Bg7 21.Rad1 Bxe5 22.Rxd4 Bxh2+
23.Kxh2 Nxd4 24.Bf6 O-O 25.Bxd4 Rfd8 26.Rd1 c5 27.Bf6 Rxd1 28.Nxd1 Bd5 29.b3 b5
30.Ne3 Kf8 31.Kg3 a5 32.Kf4 a4 33.Nxd5 exd5 34.b4 Ra6 35.Bc3 d4 36.Ba1 Rf6+
37.Ke4 Rxf2 38.bxc5 Rxc2 39.Bd5 Rxc5 40.Kxd4 Rc1 41.Bc3 f6 42.Bc6 g5 43.hxg5 fxg5
44.Bxb5 Rg1 45.Bc6 Ke7 46.Bb4+ Ke6 47.Ke3 h4 48.Kf2 Rc1 49.Bxa4 g4 50.Bb5 Rc2+
51.Kg1 h3 52.gxh3 gxh3 53.Bd3 Rg2+ 54.Kh1 Kd5 55.Bf5 Rg3 56.Kh2 Re3 57.Bd7 Kc4
58.Ba4 Kd5 59.Bb5 Rb3 60.Be8 Re3 61.Bd7 Kc4 62.Ba4 Rb3 63.Bf8 Rf3 64.Bb4 Rb3  1/2-1/2

[Event "TCh-NED 2009-10"]
[Site "Netherlands NED"]
[Date "2010.01.09"]
[Round "5"]
[White "Okkes,M"]
[Black "Vogel,Ja"]
[Result "1-0"]
[WhiteElo "2383"]
[BlackElo "2213"]

1.e4 e6 2.d4 d5 3.Nc3 Bb4 4.e5 b6 5.Bd2 Qd7 6.Bb5 c6 7.Ba4 a5 8.a3 Bf8 9.Nce2 b5
10.Bb3 c5 11.c3 Nc6 12.Nf3 Nge7 13.O-O Ba6 14.Re1 Ng6 15.Bc2 Be7 16.Bg5 Bxg5
17.Nxg5 Qe7 18.Nf3 O-O 19.dxc5 Qxc5 20.b4 Qe7 21.Ned4 Rfc8 22.Qd2 Qc7 23.Bxg6 hxg6
24.Qf4 Nxd4 25.cxd4 Qc2 26.Ng5 Qf5 27.Qh4 Rc2 28.Re3 Rac8 29.g4 Rc1+ 30.Kg2 Qf4
31.Rxc1  1-0

[Event "8th Parsvnath Open"]
[Site "New Delhi IND"]
[Date "2010.01.14"]
[Round "2"]
[White "Das,Say"]
[Black "Rahman,Zia"]
[Result "1/2-1/2"]
[WhiteElo "2204"]
[BlackElo "2548"]

1.e4 e6 2.d4 d5 3.Nc3 Bb4 4.e5 b6 5.Qg4 Bf8 6.Bg5 Qd7 7.O-O-O h6 8.Qh3 Ne7
9.Bxe7 Bxe7 10.f4 Ba6 11.Nf3 Bxf1 12.Rhxf1 Nc6 13.g4 O-O-O 14.Qg2 Na5 15.Qe2 Kb8
16.Nd2 Rc8 17.Kb1 c5 18.dxc5 Bxc5 19.Nb3 Nxb3 20.axb3 Rhe8 21.Nb5 a6 22.Nd4 Qc7
23.c3 Kb7  1/2-1/2

[Event "8th Parsvnath Open"]
[Site "New Delhi IND"]
[Date "2010.01.15"]
[Round "3"]
[White "Kiran,M"]
[Black "Kamble,V"]
[Result "0-1"]
[WhiteElo "2234"]
[BlackElo "2364"]

1.e4 e6 2.d4 d5 3.Nc3 Bb4 4.e5 b6 5.a3 Bf8 6.Nf3 Ne7 7.Bd3 a5 8.Ne2 Ba6 9.Be3 Bxd3
10.Qxd3 Nf5 11.Rc1 Be7 12.O-O O-O 13.c4 dxc4 14.Qxc4 c6 15.Nf4 g5 16.Nh5 h6
17.Nd2 Qd5 18.Qd3 c5 19.Ne4 Nd7 20.Nc3 Qb7 21.dxc5 bxc5 22.Ne4 Nxe5 23.Nef6+ Bxf6
24.Nxf6+ Kg7 25.Qc3 Nh4 26.Nh5+ Kg6 27.f3 Nexf3+ 28.gxf3 Kxh5 29.Bxc5 Rfb8
30.Qf6 Rg8 31.Rc4 Rad8 32.Qc3 Rd5 33.Bf2 Rd2 34.Bxh4 gxh4+ 35.Rg4 Qb6+ 36.Kh1 Qd6
37.Qxa5+ Rg5 38.Rxg5+ hxg5 39.f4 Qc6+  0-1

[Event "Open"]
[Site "Prague CZE"]
[Date "2010.01.15"]
[Round "9"]
[White "Bejtovic,J"]
[Black "Vokac,M"]
[Result "1/2-1/2"]
[WhiteElo "2338"]
[BlackElo "2479"]

1.e4 e6 2.d4 d5 3.Nc3 Bb4 4.e5 b6 5.a3 Bf8 6.Nf3 Ba6 7.Bxa6 Nxa6 8.O-O c6
9.Bg5 Qd7 10.Ne2 Nc7 11.c3  1/2-1/2

[Event "8th Parsvnath Open"]
[Site "New Delhi IND"]
[Date "2010.01.19"]
[Round "8"]
[White "Kiran,M"]
[Black "Girinath,P"]
[Result "0-1"]
[WhiteElo "2234"]
[BlackElo "2370"]

1.e4 e6 2.d4 d5 3.Nc3 Bb4 4.e5 Qd7 5.a3 Bxc3+ 6.bxc3 b6 7.a4 Ba6 8.Bxa6 Nxa6
9.Qg4 f5 10.Qh5+ g6 11.Qe2 Nb8 12.h4 h6 13.Nh3 Nc6 14.Nf4 Nge7 15.Nd3 Na5
16.Rh3 Nc4 17.Rg3 O-O-O 18.Nb2 Qc6 19.a5 Rhg8 20.axb6 axb6 21.Nd3 Kd7 22.Kf1 Ra8
23.Rxa8 Qxa8 24.Kg1 Qa1 25.Kh2 Qb1 26.Rh3 Kc8 27.Kg3 Qa1 28.Qe1 Kd7 29.Rh1 Qa4
30.Qe2 Qa5 31.Qe1 Ke8 32.Bd2 Nc6 33.Be3 Kf7 34.Kh2 g5 35.hxg5 hxg5 36.Kg3 f4+  0-1

[Event "2nd Chennai Open"]
[Site "Chennai IND"]
[Date "2010.01.26"]
[Round "3"]
[White "Das,Say"]
[Black "Kamble,V"]
[Result "0-1"]
[WhiteElo "2204"]
[BlackElo "2364"]

1.e4 e6 2.d4 d5 3.Nc3 Bb4 4.e5 b6 5.Qg4 Bf8 6.Bg5 Qd7 7.f4 Ba6 8.Nge2 Nc6
9.O-O-O f6 10.exf6 gxf6 11.Bh4 f5 12.Qf3 Nce7 13.Qh5+ Ng6 14.g4 Qf7 15.gxf5 Qxf5
16.Bg5 h6 17.Bh3 Qf7 18.Bh4 Nxh4 19.Qxh4 Ne7 20.Rde1 O-O-O 21.Qf2 Kb8 22.Rhg1 h5
23.Qe3 Bc8 24.Kb1 Bh6 25.Ref1 Rhg8 26.Rxg8 Rxg8 27.Nc1 Nf5 28.Qd3 Nd6 29.Qe2 Bg7
30.Qd3 Bf6 31.N3e2 Bd7 32.Nc3 Bc8 33.N3e2 c5 34.Rd1 Ne4 35.Qe3 Qc7 36.Nd3 Qe7
37.Ne5 Bxe5 38.dxe5 Qh4 39.Rg1 Rf8 40.a4 Nf2 41.Qg3 Qxg3 42.Rxg3 Ba6 43.Nc3 h4
44.Rf3 Nxh3 45.Rxh3 Rxf4 46.Nb5 Rxa4 47.Nd6 Rf4 48.Ra3 Be2 49.Re3 Bg4 50.Re1 Bh3
51.Re3 Bg2 52.Re2 Rf1+ 53.Ka2 Bf3 54.Rd2 d4 55.b4 a6 56.Kb2 Kc7 57.Rd3 Rf2
58.h3 Bg2 59.Ra3 cxb4 60.Rd3 Rf4 61.Kb3 Bf1  0-1

[Event "2nd Chennai Open"]
[Site "Chennai IND"]
[Date "2010.01.29"]
[Round "6"]
[White "Kiran,M"]
[Black "Praveen Kumar,C1"]
[Result "1/2-1/2"]
[WhiteElo "2234"]
[BlackElo "2421"]

1.e4 e6 2.d4 d5 3.Nc3 Bb4 4.e5 b6 5.a3 Bf8 6.Nf3 Qd7 7.Bd3 Ba6 8.Bxa6 Nxa6
9.Qd3 Nb8 10.Ne2 c5 11.c4 dxc4 12.Qxc4 b5 13.Qc2 c4 14.O-O Ne7 15.a4 Nd5
16.axb5 Qxb5 17.Nc3 Nxc3 18.bxc3 Nd7 19.d5 Qxd5 20.Qa4 Be7 21.Be3 Rd8 22.Rfd1 Qb7
23.Qxa7 Qc8 24.Qa6 Qxa6 25.Rxa6 O-O 26.Kf1 Nc5 27.Rxd8 Nxa6 28.Rxf8+ Kxf8
29.Nd2 Nc7 30.Nxc4 Nd5 31.Bd4 Ke8 32.Ne3 Kd7 33.c4 Nxe3+ 34.Bxe3 Kc6 35.Ke2 Bb4
36.Kd3 Ba5 37.Ke4 Bb4 38.h4 Bc3 39.h5 Be1 40.g4 Bc3 41.Bd4 Bd2 42.Kd3 Bc1
43.Be3 Bb2 44.Ke4 Bc3 45.f4 Bb4 46.f5 Bc3 47.g5 g6 48.hxg6 hxg6 49.f6 Bb2
50.Bf4 Kc5 51.Kd3 Bd4 52.Bg3 Bb2 53.Bf2+ Kc6 54.Bd4 Bc1 55.Be3 Bb2  1/2-1/2

[Event "8th Gibtelecom Masters"]
[Site "Caleta ENG"]
[Date "2010.02.01"]
[Round "7"]
[White "Schoene,Mar"]
[Black "Compton,A"]
[Result "1-0"]
[WhiteElo "2251"]
[BlackElo "2066"]

1.e4 e6 2.d4 d5 3.Nc3 Bb4 4.e5 Ne7 5.a3 Bxc3+ 6.bxc3 b6 7.Nf3 Ba6 8.Bxa6 Nxa6
9.Qd3 Nb8 10.O-O Nbc6 11.c4 Na5 12.cxd5 Qxd5 13.Rb1 a6 14.Bg5 b5 15.a4 Nc4
16.axb5 axb5 17.Ra1 h6 18.Rxa8+ Qxa8 19.Bxe7 Kxe7 20.Nd2 Nxd2 21.Qxd2 Qa3
22.f4 Rd8 23.c3 c5 24.f5 exf5 25.d5 Qb3 26.d6+ Ke6 27.Qf2 Kxe5 28.Qxc5+ Ke6
29.Re1+ Kf6 30.d7 Kg6 31.Qc7  1-0